• 首页
  • 本馆介绍
  • 公告通知
  • 最新文献
  • 馆藏检索
  • 电子资源
  • 读者导购
  • 参考咨询
  • 我的图书馆
  • 登录
  • 详细信息显示
  • 放入我的书架
  • 预约/预借图书
  • 作者相关作品
  • 分类相关作品
  • 丛书相关作品
  • 出版社相关作品

书目信息

  • 表格格式
  • 工作单格式
  • 卡片格式
题名:
足尖鞋舞出的优美
    
 
作者: 赵卉 著
分册:  
出版信息: 北京   中国书籍出版社  2021.1
页数: 204页
开本: 24cm
丛书名: 高校学术研究论著丛刊
单 册:
中图分类: J732.5
科图分类:
主题词: 芭蕾舞--教学研究
电子资源:
ISBN: 978-7-5068-7522-6
000 01062nam2 2200289 45
001 489886
005 20140818192110.0
010    @a978-7-5068-7522-6@dCNY76.00
100    @a20210315d2021 em y0chiy0110 ea
101 0  @achi
102    @aCN@b110000
105    @aa az 000yy
106    @ar
200 1  @a足尖鞋舞出的优美@Azu jian xie wu chu de you mei@e芭蕾教学与作品赏析@f赵卉著
210    @a北京@c中国书籍出版社@d2021.1
215    @a204页@c图@d24cm
225 2  @a高校学术研究论著丛刊@i艺术体育
320    @a有书目
330    @a本书以芭蕾舞技能的训练和教学为根本, 对芭蕾不同创作方法, 及其流派的确立与发展进行分析, 并对训练方法与教学之间的关系进行探索, 主要内容包括: 芭蕾概述、芭蕾舞技能教学训练、芭蕾舞教学组织与教学计划、芭蕾舞经典舞蹈作品的演绎与赏析、芭蕾教学研究的价值与展望等。
461  0 @12001 @a高校学术研究论著丛刊
462  0 @12001 @a艺术体育
517 1  @a芭蕾教学与作品赏析
606 0  @a芭蕾舞@x教学研究
690    @aJ732.5@v5
701  0 @a赵卉@Azhao hui@4著
801    @aCN@b江苏凤凰@c20211018
905    @b1356770-3@dJ732.5@e323@f4
    
    足尖鞋舞出的优美:芭蕾教学与作品赏析/赵卉著.-北京:中国书籍出版社,2021.1
    204页:图;24cm.-(高校学术研究论著丛刊.艺术体育)
    
    
    ISBN 978-7-5068-7522-6:CNY76.00
    本书以芭蕾舞技能的训练和教学为根本, 对芭蕾不同创作方法, 及其流派的确立与发展进行分析, 并对训练方法与教学之间的关系进行探索, 主要内容包括: 芭蕾概述、芭蕾舞技能教学训练、芭蕾舞教学组织与教学计划、芭蕾舞经典舞蹈作品的演绎与赏析、芭蕾教学研究的价值与展望等。
●
相关链接 在E读中查询图书 在五车中查询图书 在当当中查询图书 在豆瓣中查询图书


正题名:足尖鞋舞出的优美     索取号:J732.5/323         预约/预借

序号 登录号 条形码 馆藏地/架位号 状态 备注
1 1356770   213567709   第一样本阅览室/ [索取号:J732.5/323] 在馆    
2 1356771   213567718   第一借阅区/ [索取号:J732.5/323] 在馆    
3 1356772   213567727   第一借阅区/ [索取号:J732.5/323] 在馆    
4 1356773   213567736   第一借阅区/ [索取号:J732.5/323] 在馆    
唐山师范学院图书馆 欢迎您!
大连网信软件有限公司© 版权所有